000 01053nam a22003257a 4500
003 CHAP
005 20220329133304.0
008 971013s1989 r 00010 d
010 _a4362
011 _a5334
035 _a4541
040 _cCHAP
090 _aFolleto 12715
110 _aUACH. Centro Regional Universitario Sur
_9115842
245 _aAprovechamiento integral del cerdo para pequeños productores
260 _aChapingo, Méx. :
_bEl Centro,
_c1989
300 _a57 p.
_b: ilus
500 _a53-205
500 _ac.5 en bodega
590 _aBATCH-UPD
_b10
_c20130110
_lUCH01
_h1342
590 _aCONVERSION
_b10
_c20130109
_lUCH01
_h1304
650 1 4 _aCarne de puerco
_xProcesado.
_919186
650 1 4 _aGanado porcino
_xMatanza.
_945380
901 _aBK
942 _cFOLL
949 _aFolleto 12715
_bBC
_cFOLL
_d-14088
_eTS1
_i4541
_si
949 _aFolleto 12715
_bBC
_cFOLL
_d-73253
_eTS2
_fc.2
_i4541
_si
949 _aFolleto 12715
_bBC
_cFOLL
_d-73254
_eTS2
_fc.3
_i4541
_si
949 _aFolleto 12715
_bBC
_cUACH
_d-73255
_eUACH
_fc.4
_i4541
_si
999 _c4362
_d4362